Biznis plán
Riešenie problému podnikateľského plánu - praktické poznatky. Plánovanie marketingu, výroby, investícií, výskumu a vývoja, ľudských zdrojov. Finančný plán. Poznatky a problémy pri tvorbe plánu nákladov, výnosov a zisku.
Salvato in:
| Autore principale: | |
|---|---|
| Natura: | Capitolo di libro |
| Lingua: | slovacco |
| Soggetti: | |
| Tags: |
Nessun Tag, puoi essere il primo ad aggiungerne!!
|
MARC
| LEADER | 00000naa$a2200000$$$4500 | ||
|---|---|---|---|
| 001 | 0072151 | ||
| 005 | 20230711112137.3 | ||
| 041 | 0 | |a slo | |
| 044 | |a SK | ||
| 245 | 1 | 0 | |a Biznis plán |c Pavol Serina |
| 520 | |a Riešenie problému podnikateľského plánu - praktické poznatky. Plánovanie marketingu, výroby, investícií, výskumu a vývoja, ľudských zdrojov. Finančný plán. Poznatky a problémy pri tvorbe plánu nákladov, výnosov a zisku. | ||
| 610 | 2 | 0 | |a plán podnikový |
| 610 | 2 | 0 | |a plán podnikateľský |
| 610 | 2 | 0 | |a firmy |
| 610 | 2 | 0 | |a plánovanie |
| 610 | 2 | 0 | |a výroba |
| 610 | 2 | 0 | |a marketing |
| 610 | 2 | 0 | |a zdroje ľudské |
| 610 | 2 | 0 | |a výnosy |
| 610 | 2 | 0 | |a náklady |
| 100 | 1 | |a Serina, Pavol | |